Southville International School and Colleges
Your cart is empty.
  • Cart
  • Lists
    Public lists Eva Luna New books Lux_list list_1
    Your lists Log in to create your own lists
  • Log in to your account
  • Your cookies
  • Search history
Southville International School and Colleges
  • Advanced search
  • Recent comments
  • Most popular
  • Libraries

Log in to your account

Log in with GOOGLE


If you do not have an external account, but do have a local account, you can still log in:

  1. Home
  2. MARC view: First philosophy:
Normal view MARC view ISBD view

First philosophy: (Record no. 1969)

[ view plain ]
MARC details
000 -LEADER
fixed length control field 00509nam a22001697a 4500
003 - CONTROL NUMBER IDENTIFIER
control field OSt
005 - DATE AND TIME OF LATEST TRANSACTION
control field 20151013140251.0
008 - FIXED-LENGTH DATA ELEMENTS--GENERAL INFORMATION
fixed length control field 130306t xxu||||| |||| 00| 0 eng d
020 ## - INTERNATIONAL STANDARD BOOK NUMBER
International Standard Book Number 151113600
050 ## - LIBRARY OF CONGRESS CALL NUMBER
Classification number B 29
Item number .F57 2002
082 ## - DEWEY DECIMAL CLASSIFICATION NUMBER
Classification number IB 100
Item number F51 2002
245 ## - TITLE STATEMENT
Title First philosophy:
Remainder of title fundamental problems and readings in philophy /
Statement of responsibility, etc ed. by Andrew Bailey.
260 ## - PUBLICATION, DISTRIBUTION, ETC. (IMPRINT)
Place of publication, distribution, etc Peterborough, Ont. ; | Orchard Park, NY
Name of publisher, distributor, etc Broadview Press,
Date of publication, distribution, etc 2002.
300 ## - PHYSICAL DESCRIPTION
Extent 966 p. :
Dimensions 24 cm.
942 ## - ADDED ENTRY ELEMENTS (KOHA)
Source of classification or shelving scheme Library of Congress Classification
Koha item type Books
Holdings
Withdrawn status Lost status Source of classification or shelving scheme Damaged status Home library Current library Shelving location Date acquired Total Checkouts Full call number Barcode Date last seen Date checked out Copy number Price effective from Koha item type
    Library of Congress Classification   Luxembourg Library Luxembourg Library International Baccalaureate Section 03/06/2013 1 B 29 .F57 2002 15988 03/15/2019 03/04/2019 1 03/06/2013 Books

First philosophy:

APA

(2002). First philosophy. Peterborough, Ont. ; | Orchard Park, NY: Broadview Press.

Chicago

2002. First philosophy. Peterborough, Ont. ; | Orchard Park, NY: Broadview Press.

Harvard

(2002). First philosophy. Peterborough, Ont. ; | Orchard Park, NY: Broadview Press.

MLA

First philosophy. Peterborough, Ont. ; | Orchard Park, NY: Broadview Press. 2002.

  • Place hold
  • Print
  • Cite
  • Add to your cart (remove)
  • Save record
    BIBTEX Dublin Core MARCXML MARC (non-Unicode/MARC-8) MARC (Unicode/UTF-8) MARC (Unicode/UTF-8, Standard) MODS (XML) RIS
  • More searches
    Search for this title in:
    Other Libraries (WorldCat) Other Databases (Google Scholar) Online Stores (Bookfinder.com) Open Library (openlibrary.org)

Exporting to Dublin Core...

SOUTHVILLE LIBRARY

Southville International School and Colleges Library

1281 Tropical Ave. Cor. Luxembourg St., BF Homes International, Las Pinas City

Tel. No. 8256374 / 252358 Loc. 117/146

Powered by Koha